| Tag |
First Indicator |
Second Indicator |
Subfields |
| LEADER |
00000cam a2200000 a 4500 |
| 001 |
in00001192321 |
| 005 |
20151002065221.0 |
| 007 |
hd afv---baca |
| 008 |
900925s1861 gau a 000 0 eng d |
| 035 |
|
|
|a (OCoLC)22434533
|
| 035 |
|
|
|9 AGK0068AM
|
| 040 |
|
|
|a FEI
|c FEI
|d UtOrBLW
|
| 043 |
|
|
|a n-us-ga
|
| 049 |
|
|
|a TXAI
|
| 090 |
|
|
|a E487
|b .C66 1974 reel 84 no. 2586
|
| 099 |
|
|
|a Film
|a B 1664
|a reel 84, no. 2586.
|
| 100 |
1 |
|
|a Jackson, Henry R.
|q (Henry Rootes),
|d 1820-1898.
|
| 245 |
1 |
0 |
|a Eulogy upon the life and character of the Honorable Charles J. McDonald pronounced by Henry R. Jackson, at Marietta, April 20th, 1861.
|
| 264 |
|
1 |
|a Atlanta, Ga. :
|b Franklin Printing House, Wood, Hanleiter, Rice & Co.,
|c 1861.
|
| 300 |
|
|
|a 35 pages ;
|c 21 cm.
|
| 336 |
|
|
|a text
|b txt
|2 rdacontent
|
| 337 |
|
|
|a microform
|b h
|2 rdamedia
|
| 338 |
|
|
|a microfilm reel
|b hd
|2 rdacarrier
|
| 539 |
|
|
|a s
|b 1974
|d ctu
|e n
|
| 500 |
|
|
|a Filmed from the holdings of University of Georgia Libraries, Athens, Georgia.
|
| 533 |
|
|
|a Microfilm.
|b New Haven, Conn. :
|c Research Publications,
|d [1974].
|e On reel 84 of 143 microfilm reels ; 35 mm.
|f (Confederate imprints, 1861-1865 ; reel 84, no. 2586).
|
| 500 |
|
|
|a Microform.
|
| 600 |
1 |
0 |
|a McDonald, C. J.
|q (Charles J.)
|
| 650 |
|
0 |
|a Eulogies
|z Georgia
|z Marietta.
|
| 830 |
|
0 |
|a Confederate imprints, 1861-1865 ;
|v reel 84, no. 2586.
|
| 999 |
|
|
|a MARS
|
| 999 |
f |
f |
|s 66be40fa-ccb0-3d8a-a56c-79de3fb1aaa3
|i fde416fe-6bfb-3443-8d37-6a68e6fbf749
|t 0
|
| 952 |
f |
f |
|p default
|a Texas A&M University
|b College Station
|c Sterling C. Evans Library
|d Evans: Microforms (3rd floor)
|t 0
|e Film B 1664 reel 84, no. 2586.
|h Other scheme
|i microform -- microfilm reel
|
| 998 |
f |
f |
|a Film B 1664 reel 84, no. 2586.
|t 0
|l Evans: Microforms (3rd floor)
|